Tennisti per lettera - Statistics

Statistiche generali
  • Questo quiz è stato fatto 188 volte
  • Il punteggio medio è 11 su 21
Statistiche sulle risposte
Lettera Vittorie - Sconfitte (Singolo) Titoli vinti Nazionalità Risposta % Corretto
D 1136 - 228 (83.22%) 99 Serbia Djokovic
99%
S 270 - 80 (77.14%) 19 Italia Sinner
91%
Z 475 - 203 (70.06%) 23 Germania Zverev
82%
A 231 - 152 (60.31%) 7 Canada Auger - Aliassime
74%
B 154 - 158 (1993-2011) 4 Kazakistan Bublik
72%
W 577 - 361 (61.51%) 16 Svizzera Wawrinka
64%
C 590 - 339 (63.51%) 21 Croazia Cilic
62%
R 150 - 92 (61.98%) 4 Danimarca Rune
59%
F 734 - 377 (66.97%) 27 Spagna Ferrer
58%
T 348 - 215 (61.81%) 17 Austria Thiem
53%
E 801 - 470 (74.78%) 42 Svezia Edberg
47%
G 100 - 99 (49.74%) 2 Paesi Bassi Griekspoor
47%
L 1068 - 242 (81.52%) 94 Repubblica Ceca Lendl
45%
I 489 - 317 (60.67%) 16 Stati Uniti Isner
43%
K 205 - 116 (63.86%) 7 Australia Kyrgios
43%
N 216 - 162 (57.14%) 5 Regno Unito Norrie
35%
O 104 - 97 (51.74%) 4 Stati Uniti Opelka
32%
M 303 - 347 (46.62%) 5 Francia Mannarino
20%
H 496 - 274 (64.41%) 11 Regno Unito Henman
11%
P 143 - 134 (51.62%) 5 Francia Pouille
9%
Y 499 - 416 (54.54%) 10 Russia Youzhny
8%
Nessun quiz corrispondente trovato
Distribuzione punteggi
Percentuale di utenti per punteggio
Percentile per numero di risposta
I tuoi punteggi nel tempo
Non hai fatto questo quiz